[Event "EU-chG16"]
[Site "Herceg Novi MNE"]
[Date "2006.09.14"]
[Round "5"]
[White "Nesterovskaya,A"]
[Black "Makarova,Natalja"]
[Result "1-0"]
[WhiteElo "2060"]
[BlackElo "1731"]

1.e4 c5 2.Nf3 d6 3.d4 cxd4 4.Nxd4 Nf6 5.Nc3 a6 6.Be3 e6 7.Be2 Be7 8.O-O O-O
9.f4 Nc6 10.Kh1 Bd7 11.a4 Qc7 12.g4 Nxd4 13.Bxd4 e5 14.Be3 Bc6 15.Bf3 Rfd8
16.g5 Nd7 17.f5 f6 18.Qe2 fxg5 19.Qc4+ Kh8 20.Nd5 Qa5 21.Nxe7 Nb6 22.Qa2 d5
23.Bxg5 Rd7 24.exd5 Bxd5 25.Nxd5 Nxd5 26.Rad1 Nb4 27.Qb3 Rxd1 28.Rxd1 Qc5
29.c3 e4 30.Bxe4 h6 31.cxb4 Qe5 32.Bxb7 Rb8 33.Bd5 Qe2 34.Bf3 Qf2 35.Qe3 Qxb2
36.Bxh6 gxh6 37.Qxh6+ Kg8 38.Bd5+  1-0

[Event "3rd Szeged Cup"]
[Site "Szeged HUN"]
[Date "2006.09.15"]
[Round "7"]
[White "Erdos,B"]
[Black "Kozma,E"]
[Result "0-1"]
[WhiteElo "2044"]
[BlackElo "2086"]

1.e4 c5 2.Nf3 d6 3.d4 cxd4 4.Nxd4 Nf6 5.Nc3 a6 6.Be3 e5 7.Nb3 Be6 8.f3 Nbd7
9.Qd2 b5 10.O-O-O Rc8 11.g4 Nb6 12.Bxb6 Qxb6 13.Nd5 Nxd5 14.exd5 Bd7 15.Kb1 Be7
16.h4 b4 17.Bh3 h6 18.f4 Bxh4 19.fxe5 dxe5 20.Qe2 O-O 21.Qxe5 Bf6 22.Qg3 Bg5
23.Bg2 a5 24.Be4 a4 25.Nc1 a3 26.b3 Qf6 27.Nd3 Bb5 28.Qe5 Bxd3 29.Qxf6 Bxc2+
30.Bxc2 Bxf6 31.d6 Rfd8 32.Rh3 Rc6 33.d7 Rc7 34.Rhd3 g6 35.Rd5 Kg7 36.Be4 Rc3
37.Bd3 Ra8 38.Bc2 Rd8 39.Bd3 Kf8 40.Bb5 Rg3 41.Rc5 Rg2 42.Rc2 Rxg4 43.Re1 Rg5
44.Re8+ Kg7 45.Ba4 Rg1+ 46.Rc1 Rxc1+ 47.Kxc1 h5 48.Kd2 Bg5+ 49.Ke2 f5 50.Kd3 h4
51.Kc4 h3 52.Re2 Rh8 53.Rh2 Bd8 54.Kxb4 g5 55.Bc6 g4 56.Kc4 g3 57.Rh1 g2
58.Re1 Bb6 59.Re7+ Kf6 60.Re8 g1=Q  0-1

[Event "3rd Szeged Cup"]
[Site "Szeged HUN"]
[Date "2006.09.15"]
[Round "7"]
[White "Kiss,Ju"]
[Black "Ruszin,A"]
[Result "0-1"]
[WhiteElo "2118"]
[BlackElo "2091"]

1.e4 c5 2.Nf3 d6 3.d4 cxd4 4.Nxd4 Nf6 5.Nc3 a6 6.Be3 Ng4 7.Bg5 h6 8.Bh4 g5
9.Bg3 Bg7 10.h4 Nc6 11.Nxc6 bxc6 12.Qd2 Qa5 13.f3 Nf6 14.Be2 Rb8 15.Rb1 Nh5  0-1

[Event "EU-chB18"]
[Site "Herceg Novi MNE"]
[Date "2006.09.16"]
[Round "6"]
[White "Bitalzadeh,A"]
[Black "Lanin,A"]
[Result "0-1"]
[WhiteElo "2339"]
[BlackElo "2475"]

1.e4 c5 2.Nf3 d6 3.d4 cxd4 4.Nxd4 Nf6 5.Nc3 a6 6.Be3 e5 7.Nf3 Qc7 8.a4 Be7
9.a5 O-O 10.Be2 Be6 11.O-O Nbd7 12.Ng5 Bc4 13.Ra4 Bxe2 14.Qxe2 Rac8 15.Rd1 Qc6
16.Nf3 Rfd8 17.Ne1 h6 18.Qf3 Nc5 19.Rc4 Qe8 20.Bxc5 Rxc5 21.Rxc5 dxc5 22.b3 Rxd1
23.Qxd1 Qd8 24.Qxd8+ Bxd8 25.Nd3 Bxa5 26.Na4 c4 27.bxc4 Nxe4 28.Nxe5 Bc3
29.Nd3 Bd4 30.c5 f5 31.Kf1 Kf7 32.f3 Nc3 33.Ndb2 Nxa4 34.Nxa4 Ke6 35.c3 Be5
36.c6 bxc6 37.Nc5+ Kd5 38.Nxa6 c5 39.h3 Kc4 40.g4 Kb5 41.Nxc5 Kxc5 42.gxf5 Bxc3
43.Kf2 Kd5 44.Kg3 Bf6 45.Kg4 Ke5  0-1

[Event "EU-chB16"]
[Site "Herceg Novi MNE"]
[Date "2006.09.16"]
[Round "6"]
[White "Musakaev,E"]
[Black "Forsaa,E"]
[Result "1-0"]
[WhiteElo "2248"]
[BlackElo "2065"]

1.e4 c5 2.Nf3 d6 3.d4 cxd4 4.Nxd4 Nf6 5.Nc3 a6 6.Be3 e6 7.Be2 Nbd7 8.f4 Qc7
9.Bf3 Be7 10.O-O O-O 11.Kh1 Nb6 12.Bg1 Nc4 13.b3 Nb6 14.Qe1 d5 15.e5 Ne8
16.Qe3 Nd7 17.Nce2 g6 18.g4 g5 19.Rae1 Bb4 20.c3 gxf4 21.Qxf4 Be7 22.Ng3 Ng7
23.Bd1 f6 24.Bc2 Nxe5 25.Qh6 Nc6 26.Nh5 Rf7 27.Bg6 hxg6 28.Nf4 Ne8 29.Qxg6+ Ng7
30.Nfxe6 Bxe6 31.Rxe6 Kf8 32.Qh7  1-0

[Event "EU-chB18"]
[Site "Herceg Novi MNE"]
[Date "2006.09.17"]
[Round "7"]
[White "Baratosi,D"]
[Black "Andriasian,Z"]
[Result "0-1"]
[WhiteElo "2329"]
[BlackElo "2463"]

1.e4 c5 2.Nf3 d6 3.d4 cxd4 4.Nxd4 Nf6 5.Nc3 a6 6.Be3 e5 7.Nde2 Be7 8.Ng3 Be6
9.Be2 O-O 10.O-O Nbd7 11.a4 Rc8 12.Qd2 Nb6 13.a5 Nc4 14.Bxc4 Rxc4 15.b3 Rc8
16.Nd5 Bxd5 17.exd5 Qd7 18.h3 Ne8 19.f4 Bh4 20.Ne2 f5 21.c4 Nf6 22.Rac1 Rce8
23.Qd3 Nh5 24.c5 dxc5 25.Bxc5 Rf7 26.g3 Bd8 27.Qf3 Nf6 28.fxe5 Rxe5 29.Nf4 Bxa5
30.b4 Bd8 31.Rfe1 Ne4 32.Bd4 Re8 33.Qb3 Bg5 34.Kh2 Qd6 35.Bc5 Qe5 36.Be3 Rd7
37.Rcd1 Qc3 38.Qxc3 Nxc3 39.Rd3 Bxf4 40.Rxc3 Bxe3  0-1

[Event "EU-chB16"]
[Site "Herceg Novi MNE"]
[Date "2006.09.17"]
[Round "7"]
[White "Hovhannisyan,R"]
[Black "Lintchevski,D"]
[Result "1/2-1/2"]
[WhiteElo "2285"]
[BlackElo "2429"]

1.e4 c5 2.Nf3 d6 3.d4 cxd4 4.Nxd4 Nf6 5.Nc3 a6 6.Be3 Ng4 7.Bc1 Nc6 8.Be2 Nf6
9.O-O e6 10.Be3 Be7 11.f4 Qc7 12.Qe1 O-O 13.Qg3 Bd7 14.Rad1 Kh8 15.Bf3 Rad8
16.Kh1 Nxd4 17.Bxd4 Bc6 18.Rfe1 b5 19.a3 Qb7 20.Re2 Rg8 21.Qe1 Rge8 22.Red2 a5
23.Bxf6 gxf6 24.Qe3 Rb8 25.b4 axb4 26.axb4 Qb6 27.Qe1 Rbc8 28.Bh5 d5 29.exd5 Bxb4
30.Rd4 Bxc3 31.Qxc3 Bxd5 32.Qb2 Rg8 33.R4d2 Kg7 34.Bf3 Rcd8 35.Bxd5 Rxd5
36.Rxd5 exd5 37.Rxd5 Re8 38.Rd1 Qf2 39.Qb1 Re2 40.Rg1 Qc5 41.c3 Re3 42.Qb4 Qxb4
43.cxb4 Rb3 44.Rd1 Rxb4 45.g3 Rb2 46.Rd5 b4 47.Rd4 Kf8 48.Re4 b3 49.Re3 h5
50.h4 f5 51.Kg1 Kg7 52.Kh1 Kg6 53.Kg1 Kf6 54.Kh1 Rb1+ 55.Kg2 Kg6 56.Kh2 Kg7
57.Kg2 Kf6 58.Kh2 b2 59.Rb3 Ke6 60.Rb5 Kd6 61.Kg2 Kc6 62.Rb3 Kd5 63.Rb8 Kc5
64.Rb7 Kc4 65.Rb8 Kd4 66.Rd8+ Kc3 67.Rc8+ Kd3 68.Rd8+ Kc2 69.Rc8+ Kb3 70.Rb8+ Ka3
71.Ra8+  1/2-1/2

[Event "EU-chB16"]
[Site "Herceg Novi MNE"]
[Date "2006.09.17"]
[Round "7"]
[White "Salgado Lopez,I"]
[Black "Mitrovic,B"]
[Result "1-0"]
[WhiteElo "2411"]
[BlackElo "2118"]

1.e4 c5 2.Nf3 d6 3.d4 cxd4 4.Nxd4 Nf6 5.Nc3 a6 6.Be3 e5 7.Nf3 Be7 8.Bc4 O-O
9.O-O Be6 10.Qe2 b5 11.Bb3 Nc6 12.Rfd1 Qe8 13.h3 Na5 14.Bg5 Bc4 15.Qe1 Nb7
16.Bxc4 bxc4 17.Nd2 Rc8 18.Qe2 Na5 19.Bxf6 Bxf6 20.Nd5 Bd8 21.c3 Qb5 22.b4 cxb3
23.Qxb5 axb5 24.axb3 g6 25.g3 f5 26.h4 Kf7 27.b4 Nc6 28.Nf1 Ke6 29.Nfe3 h5
30.exf5+ gxf5 31.f4 Bf6 32.Ra6 exf4 33.Nxf4+ Kd7 34.Ned5 Rce8 35.Nxh5 Be5
36.Kf2 Re6 37.Nhf4 Bxf4 38.Nxf4 Re4 39.Rd5 Rc4 40.Ne2 f4 41.gxf4 Ke6 42.Rxb5 Ne5
43.Rxe5+  1-0

[Event "EU-chB18"]
[Site "Herceg Novi MNE"]
[Date "2006.09.19"]
[Round "9"]
[White "Lanin,A"]
[Black "Pena Gomez,M"]
[Result "0-1"]
[WhiteElo "2475"]
[BlackElo "2337"]

1.e4 c5 2.Nf3 d6 3.d4 cxd4 4.Nxd4 Nf6 5.Nc3 a6 6.Be3 e5 7.Nb3 Be6 8.f3 Nbd7
9.g4 Nb6 10.Qd2 d5 11.g5 d4 12.Nxd4 exd4 13.Bxd4 Nfd7 14.O-O-O Bc5 15.Bxg7 Rg8
16.Bh6 Qc7 17.Nd5 Bxd5 18.exd5 O-O-O 19.Kb1 Ne5 20.Qf4 Nxd5 21.Bh3+ Kb8 22.Qe4 Ne3
23.Rxd8+ Rxd8 24.Qxh7 Nxf3 25.Rc1 Qxh2 26.g6 Qxc2+ 27.Rxc2 Rd1+  0-1

[Event "TCh-NED 2006-7"]
[Site "Netherlands NED"]
[Date "2006.09.23"]
[Round "1"]
[White "Willemze,J"]
[Black "Spoelman,W"]
[Result "1/2-1/2"]
[WhiteElo "2423"]
[BlackElo "2461"]

1.e4 c5 2.Nf3 d6 3.d4 cxd4 4.Nxd4 Nf6 5.Nc3 a6 6.Be3 e5 7.Nf3 Be7 8.Bc4 O-O
9.O-O Be6 10.Bb3 h6 11.Qe2 Qc7 12.Rfd1 Nbd7 13.h3 b5 14.a3 Qb7 15.Nh4 Nc5
16.Bxc5 dxc5 17.Bxe6 fxe6 18.Ng6 Rfd8 19.Nxe5 b4 20.Na4 Qb5 21.Qc4 Qxa4 22.Qxe6+ Kh7
23.Qf5+ Kg8 24.Qe6+ Kh7 25.Qf5+ Kg8  1/2-1/2

[Event "15th TCh-CRO"]
[Site "Sibenik CRO"]
[Date "2006.09.23"]
[Round "2"]
[White "Nevednichy,V"]
[Black "Petkov,V"]
[Result "1-0"]
[WhiteElo "2576"]
[BlackElo "2480"]

1.e4 c5 2.Nf3 d6 3.d4 cxd4 4.Nxd4 Nf6 5.Nc3 a6 6.Be3 e5 7.Nde2 Be7 8.Ng3 Be6
9.Be2 O-O 10.O-O g6 11.Qd2 Ne8 12.Nd5 Bxd5 13.Qxd5 Nc6 14.Qd2 Rc8 15.c3 Ng7
16.Rfd1 Qc7 17.Bh6 Rfd8 18.Nf1 Ne6 19.Ne3 Rd7 20.Nd5 Qd8 21.Bg4 Nb8 22.Be3 Rc6
23.a4 Qe8 24.b4 Bd8 25.Qa2 Rc8 26.Rd3 Kg7 27.Rad1 b5 28.axb5 axb5 29.Qa8 h5
30.Bh3 f6 31.Ba7 Bc7 32.Bxb8 Bxb8 33.Qa6 Ra7 34.Qb6 Ra2 35.Rf3 Ba7 36.Qb7+ Kh6
37.Nxf6 Rxf2 38.Qxa7  1-0

[Event "15th TCh-CRO"]
[Site "Sibenik CRO"]
[Date "2006.09.24"]
[Round "3"]
[White "Brkic,A"]
[Black "Georgiev,Ki"]
[Result "0-1"]
[WhiteElo "2547"]
[BlackElo "2685"]

1.e4 c5 2.Nf3 d6 3.d4 cxd4 4.Nxd4 Nf6 5.Nc3 a6 6.Be3 e6 7.a4 Nc6 8.Be2 Be7
9.O-O O-O 10.f4 Qc7 11.Kh1 Bd7 12.Nb3 b6 13.Bf3 Be8 14.g4 d5 15.e5 Nd7 16.g5 Nc5
17.Nd4 b5 18.axb5 Nxd4 19.Bxd4 Bxb5 20.Re1 Rfd8 21.Bg2 Bc6 22.Qe2 a5 23.Qf2 Bb7
24.h4 g6 25.h5 Bf8 26.Re3 Ne4 27.Nxe4 dxe4 28.c3 Bc5 29.Bxc5 Qxc5 30.hxg6 hxg6
31.Kg1 Kg7 32.Bxe4 Bxe4 33.Rxe4 Qc6 34.Qg2 Rab8 35.Rd4 Qb6 36.Rd1 Rh8 37.Rd2 Rh4
38.Rf2 Rbh8 39.Qe4 a4 40.Rfd2 R8h5 41.Qf3 Rh3 42.Qa8 a3 43.bxa3 Qb1+ 44.Rd1 Qc2
45.Qb7 Qf5 46.R1d2 Qg4+ 47.Rg2 Qh4  0-1

[Event "Tatry Open"]
[Site "Tatranske Zruby SVK"]
[Date "2006.09.24"]
[Round "2"]
[White "Hanzluvka,P"]
[Black "Pacher,M"]
[Result "1-0"]
[WhiteElo "2042"]
[BlackElo "2227"]

1.e4 c5 2.Nf3 d6 3.d4 cxd4 4.Nxd4 Nf6 5.Nc3 a6 6.Be3 e5 7.Nb3 Be6 8.Be2 Be7
9.O-O O-O 10.Kh1 Nbd7 11.f4 Qc7 12.f5 Bc4 13.Bxc4 Qxc4 14.Nd2 Qc6 15.Qe2 b5
16.Bg5 Bd8 17.a3 Ba5 18.Rf3 h6 19.Bh4 Rac8 20.Re1 Qb7 21.b4 Bb6 22.Bf2 Bd4
23.Bxd4 exd4 24.Ncb1 Ne5 25.Nb3 Nxf3 26.gxf3 Rc4 27.Na5 Qc7 28.Nxc4 bxc4
29.Qd2 Nd7 30.Qxd4 Ne5 31.Re3 g6 32.f4 Nc6 33.Qxc4 gxf5 34.Rc3 Rc8 35.Qxa6 Qd7
36.b5 Ne7 37.Rxc8+ Nxc8 38.Nd2 fxe4 39.Nxe4 Qf5 40.Qc6 Ne7 41.Qe8+ Kg7 42.Qxe7 Qxb5
43.Qxf7+ Kh8 44.Qf8+ Kh7 45.Nf6+ Kg6 46.Qe8+  1-0

[Event "1st TCH-MNE"]
[Site "Herceg Novi MNE"]
[Date "2006.09.28"]
[Round "7"]
[White "Kalezic,B"]
[Black "Karisik,N"]
[Result "1-0"]
[WhiteElo "2433"]
[BlackElo "2142"]

1.e4 c5 2.Nf3 d6 3.d4 cxd4 4.Nxd4 Nf6 5.Nc3 a6 6.Be3 e6 7.Qd2 b5 8.a3 Bb7
9.f3 Nbd7 10.Bd3 Ne5 11.Be2 Rc8 12.O-O Be7 13.Rad1 O-O 14.Qe1 Nc4 15.Bc1 d5
16.Kh1 Qc7 17.Bxc4 Qxc4 18.e5 Nd7 19.Qg3 Kh8 20.Nce2 Qc7 21.f4 Nc5 22.f5 Ne4
23.Qh3 exf5 24.Rxf5 g6 25.Rf3 Rce8 26.Rdf1 Bg5 27.Bf4 Bc8 28.e6 Bxf4 29.Nxf4 Ng5
30.Qh4 Nxf3 31.Qf6+ Kg8 32.Nf5 gxf5 33.Rxf3 Qxf4 34.Rxf4 Rxe6 35.Qh4 Rfe8
36.h3 Rg6 37.Rf2 Kg7 38.Qd4+ Kg8 39.Kh2 h6 40.Qxd5 Kg7 41.Qc5 Rg8 42.Qc7 Be6
43.Re2 Kh7 44.Qb7 R8g7 45.Rd2 Bc4 46.Rf2 Be6 47.b3 Rg3 48.Rd2 h5 49.Qc7 R3g5
50.c4 h4 51.Qf4  1-0

[Event "Tatry Open"]
[Site "Tatranske Zruby SVK"]
[Date "2006.09.28"]
[Round "7"]
[White "Ostrowski,L"]
[Black "Sikora,J"]
[Result "0-1"]
[WhiteElo "2322"]
[BlackElo "2224"]

1.e4 c5 2.Nf3 d6 3.d4 cxd4 4.Nxd4 Nf6 5.Nc3 a6 6.Be3 e6 7.Be2 Qc7 8.f4 b5
9.Bf3 Bb7 10.O-O Nbd7 11.a3 Be7 12.Qe2 O-O 13.Rad1 Nb6 14.Bc1 Nc4 15.b3 Na5
16.Bb2 Nc6 17.Nxc6 Bxc6 18.Rfe1 Rac8 19.Rd2 Rfd8 20.Kh1 Qb7 21.Nd1 d5 22.e5 Ne4
23.Bxe4 dxe4 24.Ne3 Rxd2 25.Qxd2 Rd8 26.Qe2 Bc5 27.Rd1 Rxd1+ 28.Qxd1 Qe7
29.Bd4 Bxa3 30.f5 exf5 31.Nxf5 Qe6 32.Ne3 Bb4 33.c3 Be7 34.b4 Bd8 35.h3 Bg5
36.Qh5 h6 37.Qg4 Qxg4 38.Nxg4 Kf8 39.Ne3 g6 40.g3 h5 41.h4 Bh6 42.Kg1 Ke7
43.Kf2 Ke6 44.Ng2 Bg7 45.Nf4+ Kf5 46.e6 Bxd4+ 47.cxd4 fxe6 48.Ke3 Bd5 49.Kf2 Bb7
50.Ke3 Bc6 51.Kf2 Bd5 52.Ke3 Kg4 53.Kf2 g5 54.hxg5 Kxg5 55.Ke3 Kg4 56.Ne2 Bc4
57.Nf4 a5 58.bxa5 b4 59.Kxe4 b3 60.Nd3 Kxg3  0-1

[Event "Tatry Open"]
[Site "Tatranske Zruby SVK"]
[Date "2006.09.28"]
[Round "7"]
[White "Recky,N"]
[Black "Kolesar,Mic"]
[Result "0-1"]
[WhiteElo "2001"]
[BlackElo "2081"]

1.e4 c5 2.Nf3 d6 3.d4 cxd4 4.Nxd4 Nf6 5.Nc3 a6 6.Be3 e5 7.Nb3 Be6 8.f3 Be7
9.g4 Nbd7 10.Qd2 O-O 11.O-O-O Qc7 12.Nd5 Bxd5 13.exd5 Nb6 14.Bxb6 Qxb6 15.h4 Rfc8
16.Kb1 Rc7 17.Qa5 Qxa5 18.Nxa5 Rb8 19.c4 Bd8 20.b4 Rcc8 21.Nb3 a5 22.a3 Ra8
23.bxa5 Bxa5 24.Nxa5 Rxa5 25.Kb2 Nd7 26.Rh2 Rca8 27.Ra1 Nc5 28.Rd2 R5a6 29.Rc2 Rb6+
30.Kc3 Rb3+ 31.Kd2 Rxf3 32.Ke1 Rfxa3 33.Rd1 f6 34.Rb2 g6 35.Rb6 R8a6  0-1

[Event "Tatry Open"]
[Site "Tatranske Zruby SVK"]
[Date "2006.09.29"]
[Round "8"]
[White "Kapusta,P"]
[Black "Kracik,D"]
[Result "0-1"]
[WhiteElo "2144"]
[BlackElo "2025"]

1.e4 c5 2.Nf3 d6 3.d4 cxd4 4.Nxd4 Nf6 5.Nc3 a6 6.Be3 e5 7.Nb3 Be6 8.Be2 Be7
9.O-O O-O 10.f3 d5 11.exd5 Nxd5 12.Nxd5 Qxd5 13.Qxd5 Bxd5 14.Rfd1 Be6 15.c3 Nc6
16.Nc5 Bxc5 17.Bxc5 Rfd8 18.Bb6 Rxd1+ 19.Bxd1 f5 20.Bb3 Kf7 21.Rd1 Kf6 22.Rd6 Re8
23.Kf2 h5 24.h4 g6 25.Ke3 Kf7 26.Rxe6 Rxe6 27.Bxe6+ Kxe6 28.c4 f4+ 29.Ke4 Ne7
30.a4 Nf5 31.Bf2 a5 32.Kd3 Kd6 33.Ke4 Ke6 34.c5 Ng3+ 35.Bxg3 fxg3 36.b3 g5
37.hxg5 h4 38.f4 h3 39.f5+ Kf7 40.gxh3 g2 41.Kxe5 g1=Q 42.Kf4 Qd4+ 43.Kg3 Qe3+
44.Kg4 Qe4+  0-1

[Event "Tatry Open"]
[Site "Tatranske Zruby SVK"]
[Date "2006.09.30"]
[Round "9"]
[White "Cvicela,A"]
[Black "Murin,P"]
[Result "1-0"]
[WhiteElo "2280"]
[BlackElo "2086"]

1.e4 c5 2.Nf3 d6 3.d4 cxd4 4.Nxd4 Nf6 5.Nc3 a6 6.Be3 e5 7.Nb3 Be6 8.Qd2 Nbd7
9.f3 b5 10.Nd5 Rc8 11.a4 Nxd5 12.exd5 Bf5 13.c3 Nb6 14.axb5 Nc4 15.Bxc4 Qh4+
16.Bf2 Qxc4 17.Na5 Qxb5 18.c4 Qb8 19.Nc6 Qb3 20.O-O Qxc4 21.Rfc1 Qd3 22.Qa5 Be7
23.Rc3 Qb5 24.Qa2 Rxc6 25.Rxc6 O-O 26.Rxa6 Bd3 27.Rb6 Qc4 28.Qxc4 Bxc4 29.Ra7 Bf6
30.Rxd6 Rb8 31.Rc7 Bd3 32.Rb6 Ra8 33.Ra7 Rd8 34.d6 h6 35.d7 Bf5 36.Rd6 Be7
37.Rd1 Rb8 38.b4 Kh7 39.Bc5 Bg5 40.Rc7  1-0

[Event "15th TCh-CRO"]
[Site "Sibenik CRO"]
[Date "2006.10.01"]
[Round "10"]
[White "Palac,M"]
[Black "Rezan,S"]
[Result "1-0"]
[WhiteElo "2584"]
[BlackElo "2419"]

1.e4 c5 2.Nf3 d6 3.d4 cxd4 4.Nxd4 Nf6 5.Nc3 a6 6.Be3 e6 7.Be2 Be7 8.a4 O-O
9.a5 Nc6 10.Nb3 Nd7 11.O-O Nc5 12.Nxc5 dxc5 13.Qxd8 Rxd8 14.Na4 Nd4 15.Bd1 Bd7
16.Nb6 Ra7 17.c3 Nb5 18.Bc2 Bc6 19.Rfd1 Re8 20.Kf1 g6 21.g4 Nc7 22.Ba4 Bb5+
23.c4 Bxa4 24.Nxa4 e5 25.Nxc5 Bxc5 26.Bxc5 Raa8 27.Rd7 Rac8 28.b3 Red8 29.Rad1  1-0

[Event "WJun"]
[Site "Yerevan ARM"]
[Date "2006.10.03"]
[Round "1"]
[White "Sangma,R"]
[Black "Li Chao2"]
[Result "1/2-1/2"]
[WhiteElo "2301"]
[BlackElo "2508"]

1.e4 c5 2.Nf3 d6 3.d4 cxd4 4.Nxd4 Nf6 5.Nc3 a6 6.Be3 e5 7.Nb3 Be7 8.f3 Be6
9.Qd2 O-O 10.O-O-O a5 11.Bb5 Na6 12.Qe2 Nc7 13.Nc5 Nxb5 14.Nxb5 Bxa2 15.Nxb7 Qb8
16.N7xd6 g6 17.Bg5 a4 18.Nc3 a3 19.b3 Bxb3 20.cxb3 Bxd6 21.Qb5 Qxb5 22.Nxb5 Be7
23.Nd6 h6 24.Bxh6 Rfb8 25.Kc2 Nd7 26.Be3 a2 27.Nc4 Rb7 28.Kb2 Nc5 29.Nd2 f5
30.Ra1 Nxb3 31.Nxb3 Ra3 32.Kc2 Raxb3 33.Bc1 Rb1 34.Rxa2 Bg5 35.Ra6 Rxc1+
36.Rxc1 Rc7+ 37.Kb3 Bxc1 38.Rxg6+ Kf7 39.exf5 Be3 40.Re6 Bd4 41.h4 Rc1 42.h5 Rh1
43.h6 Be3 44.Rxe5 Bxh6 45.Rd5 Bf4 46.g4 Kf6 47.Rd3 Kg5 48.Kc4 Re1 49.Rb3 Be5
50.Kd5 Ba1 51.Ra3 Bb2 52.Rb3 Re2 53.Rd3 Kf4 54.Rb3 Bg7 55.Rd3 Re8 56.Rb3 Bf6
57.Rd3 Rd8+ 58.Kc4 Ra8 59.Kd5 Ra6 60.Rb3 Bh4 61.Rd3 Bf2 62.Rc3 Bh4 63.Rb3 Bf6
64.Rd3 Be5 65.Kc5 Bb8 66.Rb3 Bc7 67.Rd3 Be5 68.Kd5 Rd6+ 69.Kc4 Rh6 70.Kd5 Bb8
71.Kc5 Ba7+ 72.Kd5 Be3 73.Rb3 Bd2 74.Rd3 Ba5 75.Rb3 Bc7 76.Rd3 Ra6 77.Kc5 Be5
78.Kd5 Bg7 79.Kc5 Bf8+ 80.Kd5 Be7 81.Kd4 Ra5 82.Kc4 Rc5+ 83.Kd4 Re5 84.Kc4 Bh4
85.Rd5 Re1 86.Rd3 Ke5 87.Rd5+ Kf6 88.Rd6+ Kf7 89.Rd3 Bg5 90.Kd5 Bf4 91.Rb3 Re5+
92.Kd4 Re7 93.Kd5 Be3 94.Ra3 Bd2 95.Rd3 Bf4 96.Rb3 Re5+ 97.Kd4  1/2-1/2

[Event "WJun"]
[Site "Yerevan ARM"]
[Date "2006.10.04"]
[Round "2"]
[White "Smith,Ax"]
[Black "Corrales,Fi"]
[Result "0-1"]
[WhiteElo "2215"]
[BlackElo "2496"]

1.e4 c5 2.Nf3 d6 3.d4 cxd4 4.Nxd4 Nf6 5.Nc3 a6 6.Be3 e5 7.Nb3 Be6 8.f3 Nbd7
9.Qd2 b5 10.a4 b4 11.Nd5 Bxd5 12.exd5 Nb6 13.Bxb6 Qxb6 14.a5 Qb7 15.Bc4 g6
16.Ra4 Rb8 17.O-O h5 18.Qd3 Ra8 19.Qd2 Rb8 20.Qd3 Qa7+ 21.Kh1 h4 22.Re1 Bh6
23.Qd4 Qd7 24.Rxe5+ dxe5 25.Qxe5+ Kf8 26.Qxf6 Bg7 27.Qxa6 h3 28.g4 Bxb2 29.Qc6 Re8
30.Nd2 Re1+ 31.Nf1 Qe7 32.d6 Qe3 33.Qd5 Rxf1+ 34.Bxf1 Bd4 35.Rxb4 Qg1+  0-1

[Event "WJun"]
[Site "Yerevan ARM"]
[Date "2006.10.04"]
[Round "2"]
[White "Movsisian,V"]
[Black "Meier,Geo"]
[Result "0-1"]
[WhiteElo "2293"]
[BlackElo "2484"]

1.e4 c5 2.Nf3 d6 3.d4 cxd4 4.Nxd4 Nf6 5.Nc3 a6 6.Be3 e6 7.f3 b5 8.Qd2 Nbd7
9.g4 h6 10.h4 b4 11.Na4 d5 12.Rg1 dxe4 13.g5 hxg5 14.hxg5 Nd5 15.fxe4 Nxe3
16.Qxe3 g6 17.O-O-O Qc7 18.Kb1 Bb7 19.Qb3 O-O-O 20.Bc4 Nc5 21.Qxb4 Nxe4 22.Qe1 Nc5
23.Nc3 Bg7 24.Nb3 Rxd1+ 25.Nxd1 Rh2 26.Qb4 Bf8 27.Qc3 Ne4 28.Qd3 Qd6 29.Qf1 Qc7
30.Bxe6+ Kb8 31.Bc4 Bc5 32.Rg4 Rh1 33.Qxh1 Nd2+ 34.Nxd2 Bxh1 35.Bd3 Qe5 36.c3 Bd5
37.Kc2 Be7 38.a4 Bxg5 39.Rb4+ Ka7 40.Ne4 Be7 41.Rd4 f5 42.Nd2 Bg5 43.Nc4 Qe6
44.a5 Bf6 45.Rf4 Be4 46.b3 g5 47.Rf2 f4 48.Ndb2 f3 49.Rd2 g4 50.Nb6 g3 51.N2a4 g2
52.Nc5 Bxd3+  0-1

[Event "7th Veselin Boskovic Mem Op"]
[Site "Beograd SRB"]
[Date "2006.10.05"]
[Round "4"]
[White "Predojevic,B"]
[Black "Vujacic,Bo"]
[Result "1-0"]
[WhiteElo "2590"]
[BlackElo "2385"]

1.e4 c5 2.Nf3 d6 3.d4 cxd4 4.Nxd4 Nf6 5.Nc3 a6 6.Be3 e5 7.Nde2 Be7 8.Ng3 Be6
9.Be2 O-O 10.O-O d5 11.exd5 Nxd5 12.Nxd5 Bxd5 13.Nf5 Nc6 14.Nxe7+ Nxe7 15.Bc5 Re8
16.c4 Bc6 17.Qxd8 Raxd8 18.Rfd1 Ng6 19.Bb6 Rxd1+ 20.Rxd1 Nf4 21.Bf1 h5 22.f3 h4
23.Kf2 f6 24.b4 Rc8 25.Rd2 Kf8 26.b5 axb5 27.cxb5 Be8 28.a4 Ke7 29.g3 hxg3+
30.hxg3 Ne6 31.a5 Rc1 32.Rb2 Rc3 33.Be3 Nd4 34.f4 Kd6 35.Bg2 Nxb5 36.Bxb7 Nd4
37.a6 Ra3 38.Bd2 Ra4 39.Bb4+ Kc7 40.Bc5 Nb5 41.fxe5 fxe5 42.Rc2 Kd8 43.Bf8 Bd7
44.Bxg7 Nd4 45.Rd2 Ke7 46.Bxe5 Nc6 47.Bd6+ Ke8 48.Bc5 Ra5 49.Rc2 Ra4 50.Bb6 Nd8  1-0

[Event "WJun"]
[Site "Yerevan ARM"]
[Date "2006.10.05"]
[Round "3"]
[White "Alavi,S"]
[Black "Li Chao2"]
[Result "0-1"]
[WhiteElo "2368"]
[BlackElo "2508"]

1.e4 c5 2.Nf3 d6 3.d4 cxd4 4.Nxd4 Nf6 5.Nc3 a6 6.Be3 e5 7.Nb3 Be7 8.f3 Be6
9.Qd2 O-O 10.O-O-O a5 11.Qe1 Qc7 12.a4 Nc6 13.g4 Nb4 14.g5 Nd7 15.Qf2 f5
16.gxf6 Nxf6 17.Bb6 Qc8 18.Kb1 d5 19.exd5 Nfxd5 20.Nxd5 Bxd5 21.Rxd5 Nxd5
22.Bxa5 b6 23.Bxb6 Rxa4 24.Bc5 Qb7 25.Rg1 Rc8 26.Bxe7 Qxe7 27.Bb5 Raa8 28.Bd3 Nf4
29.Be4 Nh3 30.Qd2 Nxg1 31.Bxa8 Rd8 32.Bd5+ Kh8 33.Qa5 Rf8 34.Nd2 Qh4 35.Qc5 Rd8
36.Ne4 Nxf3 37.b4 Nd2+ 38.Nxd2 Qe1+ 39.Kb2 Qxd2 40.Bc6 e4 41.Bxe4 Qd4+ 42.Qxd4 Rxd4
43.Kb3 Rxe4 44.b5 Kg8 45.c4 Kf7 46.b6 Re1 47.Kb2 Re8 48.Kc3 Ke6 49.Kb4 Kd6
50.Kb5 Re5+  0-1

[Event "WJun"]
[Site "Yerevan ARM"]
[Date "2006.10.06"]
[Round "4"]
[White "Andriasian,Z"]
[Black "Zhou Jianchao"]
[Result "1/2-1/2"]
[WhiteElo "2463"]
[BlackElo "2522"]

1.e4 c5 2.Nf3 d6 3.d4 cxd4 4.Nxd4 Nf6 5.Nc3 a6 6.Be3 e5 7.Nb3 Be6 8.f3 Be7
9.Qd2 O-O 10.O-O-O a5 11.Bb5 Nc6 12.Qe2 Qc7 13.Kb1 Na7 14.Bxa7 Rxa7 15.a4 Raa8
16.g4 Rfd8 17.h4 Bf8 18.Nd5 Nxd5 19.exd5 Bd7 20.Nd2 Rdc8 21.Bxd7 Qxd7 22.b3 Rc7  1/2-1/2

[Event "Vasylyshyn Mem"]
[Site "Lviv UKR"]
[Date "2006.10.08"]
[Round "3"]
[White "Kozakov,M"]
[Black "Grekh,A"]
[Result "1/2-1/2"]
[WhiteElo "2456"]
[BlackElo "2370"]

1.e4 c5 2.Nf3 d6 3.d4 cxd4 4.Nxd4 Nf6 5.Nc3 a6 6.Be3 Nc6 7.f3 e6 8.Qd2 Be7
9.O-O-O O-O 10.g4 Nxd4 11.Qxd4 Nd7 12.h4 b5 13.Kb1 Rb8 14.h5 b4 15.Na4 Ne5
16.h6 f6 17.hxg7 Rf7 18.f4 Nxg4 19.Bh3 e5 20.Qd2 Rxg7 21.b3 Nxe3 22.Qxe3 exf4
23.Qxf4 Bxh3 24.Rxh3 Qd7 25.Rg3 Rb5 26.Rxg7+ Kxg7 27.Nb2 Rg5 28.Re1 d5 29.Nd3 Rg4
30.Qf3 dxe4 31.Rxe4 Rg1+ 32.Re1 Rxe1+ 33.Nxe1 f5 34.Nd3 Qd4 35.Qb7 Kf7 36.Qc7 Kf6
37.Qh2 Kg7 38.Qg3+ Qg4 39.Qc7 Qe4 40.Qg3+ Kf7 41.Qh2 Kg7 42.Qg3+ Kf7  1/2-1/2

[Event "56th TCh-BUL w"]
[Site "Sunny Beach BUL"]
[Date "2006.10.08"]
[Round "4"]
[White "Djingarova,E"]
[Black "Nikolova,A"]
[Result "1/2-1/2"]
[WhiteElo "2302"]
[BlackElo "2167"]

1.e4 c5 2.Nf3 d6 3.d4 cxd4 4.Nxd4 Nf6 5.Nc3 a6 6.Be3 e5 7.Nde2 Ng4 8.Nd5 Nxe3
9.Nxe3 Nd7 10.Nc3 Nc5 11.a4 Be6 12.Be2 Be7 13.O-O O-O 14.a5 Rc8 15.Ned5 f5
16.exf5 Bxf5 17.Nb6 Rb8 18.b4 Nd7 19.Nc4 Rf6 20.Nd5 Rh6 21.Nce3 Be6 22.Bg4 Bxg4
23.Qxg4 Bf8 24.c4 Rc8 25.Rfd1 Rg6 26.Qf3 Rc6 27.Ra2 Qg5 28.Qf5 Qd8 29.Rad2 Qe8
30.Qe4 Rc8 31.Nf5 Qf7 32.Nfe3 Kh8 33.h4 Rh6 34.Nf5 Re6 35.Nfe3 Rh6 36.Nf5 Re6
37.Nfe3 Rh6  1/2-1/2

[Event "WJun"]
[Site "Yerevan ARM"]
[Date "2006.10.09"]
[Round "7"]
[White "Deepan Chakkravarthy,J"]
[Black "Grachev,B"]
[Result "1-0"]
[WhiteElo "2501"]
[BlackElo "2583"]

1.e4 c5 2.Nf3 d6 3.d4 cxd4 4.Nxd4 Nf6 5.Nc3 a6 6.Be3 e6 7.g4 b5 8.g5 b4 9.gxf6 bxc3
10.fxg7 Bxg7 11.b3 Be5 12.Nf3 Nc6 13.Nxe5 Nxe5 14.Be2 Bb7 15.Qd4 Qa5 16.f4 Ng6
17.Rg1 O-O-O 18.b4 Qc7 19.a4 Nxf4 20.Bxf4 e5 21.Qa7 exf4 22.Bg4+ Rd7 23.O-O-O Rd8
24.Bf5 Qc6 25.Rd3 Kc7 26.Bxd7 Rxd7 27.Qd4 Qb6 28.Rxc3+ Bc6 29.Rd1 Qxd4 30.Rxd4 Kb6
31.a5+ Kb7 32.Kd2 f6 33.Rh3 Kc7 34.Rh4 Rg7 35.Rxf4 Rg2+ 36.Kc3 Rxh2 37.Rxf6 h5
38.Rf7+  1-0

[Event "56th TCh-BUL"]
[Site "Sunny Beach BUL"]
[Date "2006.10.10"]
[Round "6"]
[White "Petkov,V"]
[Black "Todorov,Mo"]
[Result "1-0"]
[WhiteElo "2480"]
[BlackElo "2198"]

1.e4 c5 2.Nf3 d6 3.d4 cxd4 4.Nxd4 Nf6 5.Nc3 a6 6.Be3 e6 7.f3 b5 8.a4 b4 9.Na2 Bb7
10.c3 bxc3 11.Nxc3 Nbd7 12.Be2 Be7 13.O-O O-O 14.Rc1 Qb8 15.Rf2 Rc8 16.Bf1 d5
17.exd5 Nxd5 18.Nxd5 Bxd5 19.Rxc8+ Qxc8 20.Rc2 Qb7 21.Qc1 Bd6 22.Kh1 Nf8
23.a5 h6 24.Nc6 Ng6 25.Bd3 Ne5 26.Nxe5 Bxe5 27.b4 f5 28.Qe1 Bd6 29.Bd2 Rc8
30.Rxc8+ Qxc8 31.Qe2 Qb8 32.Bxa6 Bxb4 33.Bd3 Bd6 34.h4 Kf7 35.a6 Bc5 36.Be3 Qa7
37.Bf4 Bd4 38.h5 Qc5 39.Kh2 Kf6 40.Qe1 e5 41.Bd2 Bf2 42.Qb1 Qd4 43.f4 Be3
44.Bxe3 Qxe3 45.fxe5+ Qxe5+ 46.Kh1 Qg3 47.Qb6+ Kf7 48.Qg6+ Qxg6 49.hxg6+ Ke6  1-0